Theologia dogmatica, polémica, scholastica et moralis

Uloženo v:
Podrobná bibliografie
Korporativní autor: Universitate Wirceburgensi (Autor)
Médium: Kniha
Jazyk:latina
Vydáno: París Julien, Lanier et Sociorum 1852
Vydání:1a. ed
Témata:
Tagy: Přidat tag
Žádné tagy, Buďte první, kdo vytvoří štítek k tomuto záznamu!

MARC

LEADER 00000cam a2200000 a 4500
001 UCD3339
003 CL-VaPUC
008 160603e18520000fr |||||||||||||||||lat|d
082 0 4 |a 230  |b UNI  |2 21 
110 2 |a Universitate Wirceburgensi  |e author  |9 586766 
245 1 0 |a Theologia dogmatica, polémica, scholastica et moralis 
250 |a 1a. ed 
300 |a t 
942 |c BK 
945 |d 20160603 11:43:00  |a dcastane 
260 |a París  |b Julien, Lanier et Sociorum  |c 1852 
650 0 |a Teología dogmática   |9 313198 
583 |a last modification  |c 20160603 11:43:00  |k Rodrigo Vera 
999 |c 364375  |d 364373 
952 |0 0  |1 0  |3 erd  |4 0  |6 230_000000000000000_UNI_1852  |7 0  |8 X  |9 477495  |a BIBTEO  |b BIBTEO  |c TEO_FFR  |h t.1  |i 5234514  |o 230 UNI 1852  |p 5234514  |r 2023-01-25  |w 2019-11-24  |y BK_X  |z Catalogado en:20160603  |k OFM 
952 |0 0  |1 0  |3 erd  |4 0  |6 230_000000000000000_UNI_1852  |7 0  |8 X  |9 477496  |a BIBTEO  |b BIBTEO  |c TEO_FFR  |h t.2  |i 5234522  |o 230 UNI 1852  |p 5234522  |r 2023-01-25  |w 2019-11-24  |y BK_X  |z Catalogado en:20160603  |k OFM 
952 |0 0  |1 0  |3 erd  |4 0  |6 230_000000000000000_UNI_1852  |7 0  |8 X  |9 477497  |a BIBTEO  |b BIBTEO  |c TEO_FFR  |h t.3  |i 5234530  |o 230 UNI 1852  |p 5234530  |r 2023-01-25  |w 2019-11-24  |y BK_X  |z Catalogado en:20160603  |k OFM 
952 |0 0  |1 0  |3 erd  |4 0  |6 230_000000000000000_UNI_1852  |7 0  |8 X  |9 477498  |a BIBTEO  |b BIBTEO  |c TEO_FFR  |h t.4  |i 5234549  |o 230 UNI 1852  |p 5234549  |r 2023-01-25  |w 2019-11-24  |y BK_X  |z Catalogado en:20160603  |k OFM 
952 |0 0  |1 0  |3 erd  |4 0  |6 230_000000000000000_UNI_1852  |7 0  |8 X  |9 477499  |a BIBTEO  |b BIBTEO  |c TEO_FFR  |h t.5  |i 5234557  |o 230 UNI 1852  |p 5234557  |r 2023-01-25  |w 2019-11-24  |y BK_X  |z Catalogado en:20160603  |k OFM 
952 |0 0  |1 0  |3 erd  |4 0  |6 230_000000000000000_UNI_1852  |7 0  |8 X  |9 477500  |a BIBTEO  |b BIBTEO  |c TEO_FFR  |h t.1  |i 5235766  |o 230 UNI 1852  |p 5235766  |r 2024-01-18  |w 2019-11-24  |y BK_X  |z Catalogado en:20160609  |k OFM 
952 |0 0  |1 0  |3 erd  |4 0  |6 230_000000000000000_UNI_1852  |7 0  |8 X  |9 477501  |a BIBTEO  |b BIBTEO  |c TEO_FFR  |h t.2  |i 5235774  |o 230 UNI 1852  |p 5235774  |r 2024-01-18  |w 2019-11-24  |y BK_X  |z Catalogado en:20160609  |k OFM 
952 |0 0  |1 0  |3 erd  |4 0  |6 230_000000000000000_UNI_1852  |7 0  |8 X  |9 477502  |a BIBTEO  |b BIBTEO  |c TEO_FFR  |h t.3  |i 5235782  |o 230 UNI 1852  |p 5235782  |r 2024-01-18  |w 2019-11-24  |y BK_X  |z Catalogado en:20160609  |k OFM 
952 |0 0  |1 0  |3 erd  |4 0  |6 230_000000000000000_UNI_1852  |7 0  |8 X  |9 477503  |a BIBTEO  |b BIBTEO  |c TEO_FFR  |h t.4  |i 5235790  |o 230 UNI 1852  |p 5235790  |r 2024-01-18  |w 2019-11-24  |y BK_X  |z Catalogado en:20160609  |k OFM 
952 |0 0  |1 0  |3 erd  |4 0  |6 230_000000000000000_UNI_1852  |7 0  |8 X  |9 477504  |a BIBTEO  |b BIBTEO  |c TEO_FFR  |h t.5  |i 5235804  |o 230 UNI 1852  |p 5235804  |r 2024-01-18  |w 2019-11-24  |y BK_X  |z Catalogado en:20160609  |k OFM